这些明朝藩王名字是不是化学名词?Are these Ming names vassal kings chemical terms? - Statistics

General Stats
  • This quiz has been taken 331 times
  • The average score is 19 of 23
Answer Stats
Question Answer % Correct
鲁阳王朱同铌
94%
楚庄王朱孟烷
93%
秦惠王朱公锡
93%
长垣王朱恩钾
92%
庆王朱帅锌
92%
安昌王朱在𫟹 不是
90%
赵悼王朱祁镃 不是
88%
韩惠王朱征钋
88%
永川王朱悦烯
87%
伊悼王朱𬤊钒
87%
新宁王朱奉𬬩 不是
86%
鲁宪王朱寿𬭎 不是
85%
唐靖王朱琼烃
83%
沈恭王朱诠钲 不是
81%
和川王朱成镘 不是
81%
兴国王朱蕴铣 不是
79%
衡山王朱贵煘 不是
77%
永新王朱厚熿 不是
77%
郑简王朱祁锳 不是
76%
齐东王朱厚炳 不是
75%
灵丘王朱逊烇 不是
71%
唐成王朱弥鍗 不是
52%
定安王朱成𬭸
38%
No matching quizzes found
Score Distribution
Percent of People with Each Score
Percentile by Number Answered
Your Score History
You have not taken this quiz